000
00251nam a22000977a 4500
999
_c
11805
_d
11805
008
200220b ||||| |||| 00| 0 eng d
020
_a
9780545515498
100
_a
Hulme,N.Joy
_9
7486
245
_a
Stable in Bethlehem
260
_a
New York
_b
Scholastic
_c
2012